Cơ sở dữ liệu
Trình bày khái niệm cơ bản về môi trường cơ sở dữ liệu, thiết kế cơ sở dữ liệu, cơ sở dữ liệu quan hệ, thiết kế cơ sở dữ liệu quan hệ, mô hình truy cập, cơ sở dữ liệu mạng, quản trị cơ sở dữ liệu, quản trị tệp,...
Wedi'i Gadw mewn:
| Prif Awdur: | |
|---|---|
| Fformat: | Llyfr |
| Iaith: | Vietnamese |
| Cyhoeddwyd: |
H.
Đại học Quốc gia Hà Nội
1998
|
| Pynciau: | |
| Tagiau: |
Ychwanegu Tag
Dim Tagiau, Byddwch y cyntaf i dagio'r cofnod hwn!
|
| Thư viện lưu trữ: | Mạng thư viện Đại học Đà Nẵng |
|---|
| LEADER | 01379nam a2200337 4500 | ||
|---|---|---|---|
| 001 | 000012885 | ||
| 003 | 9209 | ||
| 005 | 20120302100324.0 | ||
| 008 | 120302s1998 viesd | ||
| 041 | 0 | |a vie | |
| 082 | |a 005.74 |b ĐÔ-T | ||
| 100 | 0 | |a Đỗ Trung Tuấn | |
| 245 | 0 | |a Cơ sở dữ liệu |c Đỗ Trung Tuấn | |
| 260 | |a H. |b Đại học Quốc gia Hà Nội |c 1998 | ||
| 300 | |a 369 tr. |b bảng, hình vẽ |c 25 cm | ||
| 504 | |a Thư mục: tr. 337 | ||
| 520 | |a Trình bày khái niệm cơ bản về môi trường cơ sở dữ liệu, thiết kế cơ sở dữ liệu, cơ sở dữ liệu quan hệ, thiết kế cơ sở dữ liệu quan hệ, mô hình truy cập, cơ sở dữ liệu mạng, quản trị cơ sở dữ liệu, quản trị tệp,... | ||
| 653 | |a Tin học | ||
| 653 | |a Cơ sở dữ liệu | ||
| 700 | |a Đỗ Trung Tuấn |e Tác giả | ||
| 910 | |a Thanh |d 26/10/2011 | ||
| OWN | |a LSP | ||
| AVA | |a UDN50 |b LSP |d 005.74 ĐÔ-T |e available |t Error 5001 Not defined in file expand_doc_bib_avail. |f 3 |g 0 |h N |i 0 |k 1 | ||
| 999 | |a From the UDN01 | ||
| AVA | |a UDN50 |b LSP |d 005.74 ĐÔ-T |e available |t Error 5001 Not defined in file expand_doc_bib_avail. |f 3 |g 0 |h N |i 0 |k 1 | ||
| TYP | |a Monograph | ||
| TYP | |a Printed language | ||
| 980 | |a Mạng thư viện Đại học Đà Nẵng | ||